|
|
|
|
| LEADER |
00000nam0a2200000 4500 |
| 001 |
26456 |
| 005 |
20231030201618.0 |
| 010 |
|
|
|a 5860300360
|
| 035 |
|
|
|a (RuTPU)RU\TPU\book\26700
|
| 035 |
|
|
|a BOOK00026775
|
| 090 |
|
|
|a 26456
|
| 100 |
|
|
|a 20011209d1993 k f0rusy50 ca
|
| 101 |
0 |
|
|a rus
|
| 102 |
|
|
|a RU
|
| 105 |
|
|
|a y n 000zy
|
| 200 |
1 |
|
|a Банкротство
|f С. П. Гришаев, Т. Д. Аленичева
|
| 210 |
|
|
|a Москва
|c Юкис
|d 1993
|
| 215 |
|
|
|a 116 с.
|
| 225 |
1 |
|
|a Законодательство России и зарубежных стран: анализ, комментарий, практика
|v Кн. 5
|
| 333 |
|
|
|a Исключено из фонда НТБ ТПУ
|
| 517 |
1 |
|
|a Законодательство и практика применения в России и за рубежом
|
| 700 |
|
1 |
|a Гришаев
|b С. П.
|
| 701 |
|
1 |
|a Аленичева
|b Т. Д.
|
| 801 |
|
0 |
|a RU
|b 63413507
|c 20011209
|g PSBO
|
| 801 |
|
2 |
|a RU
|b 63413507
|c 20220620
|g PSBO
|
| 942 |
|
|
|c BK
|